000 00251nam a22001097a 4500
008 211101b ||||| |||| 00| 0 eng d
050 _a005
_b1
245 _aIntroduction To Coding,Grade-VIII
260 _aDelhi
_bCBSE
300 _a1
942 _2ddc
_cBK
999 _c11888
_d11888